=LDR 00000nam 2200000 4500 =001 INLIS000000000001575 =005 20130612085958 =008 ***********************************Ind** =035 ##$$0010-061300000001575 =041 ##$$a Ind =082 ##$$a F Rom K =090 ##$$a F Rom K, Ind-h =100 ##$$a INDIRA, Rembulan =245 ##$$a Harta dalam impian, Rembulan Indira =260 ##$$a 2000 $b Jakarta =300 ##$$a 16 lembar, ilus, 27 cm =650 ##$$a Fiksi =650 ##$$a Kanak-kanak =850 ##$$a NBPNMAT